000 00716nam a2200205Ii 4500
003 JO-AjNU
008 230605s9999||||xx |||||||||||||| ||und||
040 _aJO-AjNU
_bara
_erda
_cJO-AjNU
041 _aara
050 1 4 _aRM666 2009
100 3 _aجمع وإعداد رمضان، عيسى,
_eauthor
_950141
245 0 0 _aالطب الأخضر: علاج من الوصفات الشعبية بالاعشاب
250 _aط1
264 3 1 _aعمان: دار العتيق للنشر والتوزيع، 2009
300 _a79ص
336 _atext
_btxt
_2rdacontent
337 _aunmediated
_bn
_2rdamedia
338 _avolume
_bnc
_2rdacarrier
650 4 _aالعلاج بالاعشاب - الطب البديل
_950142
999 _aA22069
_c25637
_d25637